Eratnalılar (1327- 1381) (Record no. 889)

MARC details
000 -BAŞLIK
Sabit Uzunlukta Kontrol Alanı 00699na a2200253 4500
001 - KONTROL NUMARASI
Denetim Alanı 14301
003 - KONTROL NUMARASI IDENTIFIER
Denetim Alanı MIRAKIL
005 - SON İŞLEM TARİHİ VE ZAMANI
Denetim Alanı 20181213154805.0
008 - SABİT-BOY VERİ ELEMANLARI - GENEL BİLGİLER
Sabit Uzunlukta Kontrol Alanı 161025b tu 000 0
020 ## - ULUSLARARASI STANDART KİTAP NUMARASI
Uluslararası Standart Kitap Numarası 9751606128
035 ## - SİSTEM KONTROL NUMARASI
Sistem Kontrol Numarası 14301
040 ## - KATALOGLAMA KAYNAK
Orijinal Kataloglama Ajansı Milas
Kataloglama Dili tur
Metne Dönüştürmek Ajansı TR-AnCHP
041 ## - DİL KODU
Metin / Ses Parça Veya Ayrı Başlığın Dil Kodu tur
082 ## - DEWEY ONLU SINIFLANDIRMA NUMARASI
Sınıflandırma Numarası 956.10141
Ürün Numarası G72e 1994
090 ## - SINIFLAMA NUMARASI
Sınıflama Numarası 956.10141 G72e 1994
100 ## - ANA GİRİŞ - KİŞİSEL İSİM
Kişisel Ad Göde, Kemal
245 ## - BAŞLIK TABLOSU
Başlık Eratnalılar (1327- 1381)
Sorumluluk Tablosu, Vb Kemal Göde
260 ## - YAYIN, DAĞITIM, VB
Yayın, Dağıtım, Vb Yeri Ankara
Yayıncı, Dağıtıcı, Vs Adı Türk Tarih Kurumu Basımevi
Yayın, Dağıtım, Vb Tarihi 1994
300 ## - FİZİKSEL TANIM
Kapsam 203 s.
Diğer Fiziksel Ayrıntıları tbl.
Boyutlar 23 sm.
490 ## - SERİSİ TABLOSU
Seri Beyanı Türk Tarih Kurumu Yayınları
Hacim / Ardışık Tanımı VII
504 ## - KAYNAKÇA VB NOT
Kaynakça Vb Notu Kaynakça ve dizin var.
650 ## - KONU KATMA GİRİŞ - TOPİKAL DÖNEM
Topikal Süreli Veya Coğrafi Ad Giriş Elemanı Eratnalılar Devleti
Genel Alt Bölümü Türk tarihi
942 ## - EKLENDİ GİRİŞ ELEMANLARI (KOHA)
Sınıflandırma Veya Raf Düzeni Kaynak Dewey Decimal Classification
Koha Öğesi Türü Books
999 ## - SİSTEM KONTROL NUMARALARI (KOHA)
Koha Biblionumber 889
Koha Biblioitemnumber 889
Holdings
Kalıcı Konum Mevcut Konum Edinme Tarihi Edinim Kaynak Toplam Check-Out'Lar Tam Çağrı Numarası Barkod Tarih Son Görülme İtibaren Geçerli Fiyatlar Koha Öğesi Türü
CHP Kütüphanesi CHP Kütüphanesi 08/26/2016 Bağış   956.10141 G72e 1994 001967 08/26/2016 08/26/2016 Books